| 000 | 00616nam a2200169 i 4500 | ||
|---|---|---|---|
| 001 | 95895 | ||
| 003 | ES-MaACL | ||
| 005 | 20230906181809.0 | ||
| 007 | t| | ||
| 008 | 050607s1902 sp ||||1| spa d | ||
| 100 | 1 |
_aMaciñeira Pardo-de-Lama, Federico. _9212817 |
|
| 245 | 1 | 0 |
_aUn interesante bronce _b: artículo publicado en el Boletín de la Sociedad Española de Excursiones del mes de Julio de 1902 / _cFederico Maciñeira y Pardo. |
| 260 |
_aMadrid : _b[s.n.], _c1902 ( _fImp. de San Francisco de Sales) |
||
| 300 |
_a8 p., [1] h. de lám. ; _c28 cm. |
||
| 852 |
_aES-MaACL _jT-996-F-11 |
||
| 999 |
_c95895 _d95895 |
||